• 首页
  • 本馆介绍
  • 公告通知
  • 最新文献
  • 馆藏检索
  • 电子资源
  • 读者导购
  • 参考咨询
  • 我的图书馆
  • 登录
  • 详细信息显示
  • 放入我的书架
  • 预约/预借图书
  • 作者相关作品
  • 分类相关作品
  • 丛书相关作品
  • 出版社相关作品

书目信息

  • 表格格式
  • 工作单格式
  • 卡片格式
题名:
互联网生态
    
 
作者: 喻晓马 , 程宇宁 , 喻卫东 著
分册:  
出版信息: 北京   中国人民大学出版社  2016
页数: 10,298页
开本: 21cm
丛书名:
单 册:
中图分类: F716
科图分类:
主题词: 互联网络--hu lian wang lao--应用--商业交易--研究
电子资源:
ISBN: 978-7-300-22376-6
000 01208nam0 22002771 450
001 0119171311
005 20170619171311.0
010    @a978-7-300-22376-6@b精装@dCNY48.00
100    @a20160407d2016 em y0chiy50 ea
101 0  @achi
102    @aCN@b110000
105    @aa z 000yy
106    @ar
200 1  @a互联网生态@9hu lian wang sheng tai@e重构商业规则@dInternet business@eecosystem refactoring business rules@f喻晓马...(等)著@zeng
210    @a北京@c中国人民大学出版社@d2016
215    @a10,298页@c图@d21cm
330    @a本书提供了打造生态链与生态圈,以及构建行业生态、企业生态、产品生态、内容生态的全面思路和方法,展示了互联网生态时代可能呈现的各种商业变革与新商业模式,并引用了大量鲜活案例,为企业规划、构建或参与互联网生态系统,实现战略转型和升级,提供宝贵的实战指南。
510 1  @aInternet business@eecosystem refactoring business rules@zeng
517 1  @a重构商业规则@9chong gou shang ye gui ze
606 0  @a互联网络@9hu lian wang lao@x应用@x商业交易@x研究
690    @aF716@v5
701  0 @a喻晓马@9yu xiao ma@4著
701  0 @a程宇宁@9cheng yu ning@f(1960.9~)@4著
701  0 @a喻卫东@9yu wei dong@c(策划)@4著
801  0 @aCN@b百万庄@c20170617
905    @b1012461-6@dF716@e916@f6
    
    互联网生态:重构商业规则=Internet business:ecosystem refactoring business rules/喻晓马...(等)著.-北京:中国人民大学出版社,2016
    10,298页:图;21cm
    
    
    ISBN 978-7-300-22376-6(精装):CNY48.00
    本书提供了打造生态链与生态圈,以及构建行业生态、企业生态、产品生态、内容生态的全面思路和方法,展示了互联网生态时代可能呈现的各种商业变革与新商业模式,并引用了大量鲜活案例,为企业规划、构建或参与互联网生态系统,实现战略转型和升级,提供宝贵的实战指南。
●
相关链接 在E读中查询图书 在五车中查询图书 在当当中查询图书 在豆瓣中查询图书


正题名:互联网生态     索取号:F716/916         预约/预借

序号 登录号 条形码 馆藏地/架位号 状态 备注
1 1012461   210124612   第一样本阅览室/ [索取号:F716/916] 在馆    
2 1012462   210124621   教育系资料室/ [索取号:F716/916] 在馆    
3 1012463   210124630   教育系资料室/ [索取号:F716/916] 在馆    
4 1012464   210124649   教育系资料室/ [索取号:F716/916] 在馆    
5 1012465   210124658   第一借阅区/ [索取号:F716/916] 在馆    
6 1012466   210124667   第一借阅区/ [索取号:F716/916] 在馆    
唐山师范学院图书馆 欢迎您!
大连网信软件有限公司© 版权所有